Statistics for Countries Less Guessed than their Borders

Click here to take the quiz!

General Stats

  • This quiz has been taken 425 times
    (395 since last reset)
  • The average score is 43 of 54

Answer Stats

Continent# BordersCountry% Correct
South America2Uruguay
89%
Europe2Andorra
88%
Europe2Liechtenstein
88%
Europe3Luxembourg
88%
South America3Paraguay
88%
South America3Suriname
88%
Asia2Bhutan
87%
Europe1San Marino
87%
Europe1Vatican City
87%
North America2Belize
85%
South America2Ecuador
84%
Oceania1Papua New Guinea
84%
North America1Dominican Republic
83%
North America2El Salvador
83%
Africa2Eswatini
83%
Africa1Lesotho
83%
Europe1Monaco
83%
Asia2Nepal
83%
North America2Nicaragua
82%
Europe5Belarus
81%
Asia4Kyrgyzstan
81%
Asia1Brunei
80%
Africa3Burundi
80%
Asia3Cambodia
80%
Europe2Moldova
80%
Asia3Oman
80%
Europe4Kosovo
79%
Asia1Qatar
79%
Europe4Slovenia
79%
Asia5Azerbaijan
78%
Africa3Djibouti
78%
Asia2Kuwait
78%
North America1Canada
77%
Asia1East Timor
77%
Africa1Gambia
77%
Europe1Ireland
76%
Asia2Mongolia
76%
Europe5Slovakia
76%
Europe1Denmark
75%
Europe3Finland
75%
Asia2Lebanon
75%
Asia3North Korea
75%
Europe1Portugal
75%
Asia5Myanmar
74%
Africa2Guinea-Bissau
73%
Africa2Equatorial Guinea
72%
Asia4Turkmenistan
72%
Africa3Malawi
71%
Asia4Jordan
70%
Africa6Burkina Faso
69%
Africa2Tunisia
67%
Africa4Mauritania
66%
Africa4Namibia
64%
Africa2Sierra Leone
63%

Score Distribution

Percentile by Number Answered

Percent of People with Each Score

Your Score History

You have not taken this quiz since the last reset